| 000 | 01600nas a22003377a 4500 | ||
|---|---|---|---|
| 003 | CO-CtgCURN | ||
| 005 | 20250407154127.0 | ||
| 007 | cr || aaaaa | ||
| 008 | 240625c1996 xx fr n 000 0 und d | ||
| 022 | _a0124-0102 (impreso) | ||
| 022 | _a2390-0202 (digital) | ||
| 040 |
_aCO-CtgCURN _bspa _ccoctgcurn _erda |
||
| 043 | _as-ck--- | ||
| 082 | _a340 | ||
| 110 |
_aUniversidad Libre. _bFacultad de Derecho y Ciencias Sociales _910035 |
||
| 245 | 0 |
_aAdvocatus _h[electronic resource] / _cUniversidad Libre |
|
| 260 |
_aBarranquilla, Atlántico : _bUniversidad Libre, _c1996 |
||
| 300 |
_avolúmenes : _bilustraciones, gráficas, tablas ; _c25 centímetros |
||
| 336 | _2rdacontent | ||
| 337 | _2rdamedia | ||
| 338 | _2rdacarrier | ||
| 504 | _aIncluye referencias bibliográficas | ||
| 520 | _aLa revista Advocatus es una publicación científica semestral de acceso abierto que se inscribe en las áreas de las ciencias jurídicas, sociojurídicas, sociales, políticas y de la educación desde el año 1996. Propende por la divulgación del conocimiento del Derecho y las Ciencias sociales a través de la publicación de artículos resultado de investigación, revisión, reflexión y reseñas (español e inglés). | ||
| 521 | _aAREA PROFESIONAL | ||
| 550 | _aPublicado por la Universidad Libre | ||
| 590 | _aPrograma de Derecho_18 | ||
| 650 |
_aDerecho _vPublicaciones periódicas _910036 |
||
| 856 |
_uhttps://revistas.unilibre.edu.co/index.php/advocatus _yHaga clic para acceso en línea |
||
| 942 |
_cRE _h340 _2ddc _n0 |
||
| 999 |
_c29567 _d29567 |
||